| 000 | 00832nam a2200217 a 4500 | ||
|---|---|---|---|
| 001 | 000034901 | ||
| 005 | 20200930073956.0 | ||
| 008 | 111021s1979 sp 000 0 spa d | ||
| 020 | _a9682303907 | ||
| 040 |
_aDO-SdBNP _bspa _cBNPHU |
||
| 082 |
_a907.20938 _bC492n |
||
| 100 | 1 |
_aChatelet, Francois _944700 |
|
| 240 | 1 | 0 |
_aLa naissance de l' histoire : La formation de la penseé historiee en Grece _lespañol |
| 245 | 1 | 3 |
_aEl nacimiento de la historia : _bLa formación del pensamiento historiador en Grecia / _cFrancois Châtelet. |
| 260 |
_aMexico : _bSiglo Veintiuno, _c1979. |
||
| 300 |
_a571 p. ; _c18 cm. |
||
| 590 | _aPerteneció a la biblioteca personal de Juan Isidro Jimenes Grullón | ||
| 650 | 4 |
_aHistoriadores _zGrecia _960465 |
|
| 651 | 4 |
_aGrecia _xHistoriografía _960466 |
|
| 910 | _aValidado. Control de calidad MFF | ||
| 999 |
_c34392 _d34392 |
||